00425nam a2200133Ia 4500008004100000041000800041082001700049100001700066245002600083260002900109300003100138999001500169952010700184240624s9999 xx 000 0 und d aeng a333.6092 BUF aBUFFETT MARY aTAO OF WARREN BUFFETT c2006aNew YorkbScribner axiv, : 174 : p. : cm. ; 20 c9530d9530 00104070aIMTNbIMTNcRack 12-Bd2008-09-01o333.6092 BUFp9530r2024-06-24 00:00:00w2024-06-24yBK